Intermediate statistics using SPSS (Record no. 26584)
[ view plain ]
| 000 -LEADER | |
|---|---|
| fixed length control field | 00465nam a2200169Ia 4500 |
| 008 - FIXED-LENGTH DATA ELEMENTS--GENERAL INFORMATION | |
| fixed length control field | 230917s9999||||xx |||||||||||||| ||und|| |
| 020 ## - ISBN | |
| Price | USD85 |
| 040 ## - CATALOGING SOURCE | |
| -- | 246819 |
| Original cataloging agency | VIVEKANANDA LIBRARY |
| 041 ## - Language | |
| -- | English |
| 082 ## - DDC NUMBER | |
| Classification number | 005.55 K727I |
| 100 ## - MAIN ENTRY--PERSONAL NAME | |
| Personal name | Knapp, Herschel |
| 245 #0 - TITLE STATEMENT | |
| Title | Intermediate statistics using SPSS |
| 260 ## - PUBLICATION, DISTRIBUTION, ETC. (IMPRINT) | |
| Place of publication, distribution, etc | California |
| Name of publisher, distributor, etc | Sage Publications |
| Date of publication, distribution, etc | 2018 |
| 300 ## - PHYSICAL DESCRIPTION | |
| Pages | xxvii, 451 p. |
| 500 ## - GENERAL NOTE | |
| General note | 3093 02/05/2018 APD18/1076327 11/05/2018 Main Budget |
| 942 ## - ADDED ENTRY ELEMENTS (KOHA) | |
| Koha item type | Books |
| Withdrawn status | Lost status | Damaged status | Not for loan | Location (home branch) | Sublocation or collection (holding branch) | Date acquired | Koha issues (times borrowed) | Koha full call number | Accession No. | Koha date last seen | Koha item type |
|---|---|---|---|---|---|---|---|---|---|---|---|
| VIVEKANANDA LIBRARY | VIVEKANANDA LIBRARY | 13/06/2018 | 1 | 005.55 K727I | 369779 | 01/02/2025 | Books |
